|
|
|
|
| LEADER |
00744nab a2200169 i 4500 |
| 001 |
misc1398 |
| 005 |
20191106143630.0 |
| 008 |
170607s1912 hu o 0|| hun d |
| 040 |
|
|
|a SZTE Miscellanea Repozitórium
|b hun
|
| 041 |
|
|
|a hun
|
| 100 |
1 |
|
|a Hangay Sándor
|
| 245 |
1 |
0 |
|a Szemirámisz csodakertje
|h [elektronikus dokumentum] :
|b Ének az esti fényhez, ami végtére mégis az asszonyomnak szól ... ; Vérem muzsikál a csókjaimnak ; Kezekről szóló ének : [versek] /
|c Hangay Sándor
|
| 260 |
|
|
|c 1912
|
| 300 |
|
|
|a 337-338
|
| 490 |
0 |
|
|a Kultura [!Kultúra] : irodalmi, művészeti, kritikai képes havi folyóirat
|v 3 No. 6
|
| 695 |
|
|
|a Szépirodalom
|
| 856 |
4 |
0 |
|u http://misc.bibl.u-szeged.hu/1398/1/kultura_003_006_337-338.pdf
|z Dokumentum-elérés
|